| 000 | 00926cam a22002531 4500 | ||
|---|---|---|---|
| 001 | rc 01000142 | ||
| 003 | DLC | ||
| 005 | 20260227111859.0 | ||
| 008 | 800321s1888 xx 000 0 eng | ||
| 010 | _arc 01000142 | ||
| 035 | _a(OCoLC)6115193 | ||
| 040 |
_aDLC _cCChiS _dCtY _dDLC |
||
| 042 | _apremarc | ||
| 050 | 0 | 0 |
_aF737.M2 _bC |
| 100 | 1 |
_aCope, George F. _ecomp. |
|
| 245 | 1 | 0 |
_aStatistical and descriptive report upon the mines, farms and ranges of Madison County, Montana. _cGeorge F. Cope, compiler. |
| 260 |
_aVirginia City, Mont., _c1888. |
||
| 300 |
_a63 p. _c23 cm. |
||
| 440 | 0 |
_aHistory of the Pacific Northwest, PNW _vno. 73, Research Publications, Inc. Microfilm, Reel 8. |
|
| 530 | _aAlso available in digital form on the Internet Archive Web site. | ||
| 651 | 0 | _aMadison County (Mont.) | |
| 650 | 0 |
_aMines and mineral resources _zMontana. |
|
| 856 | 4 | 1 | _uhttp://hdl.loc.gov/loc.gdc/scd0001.00170606899 |
| 999 |
_c51734 _d51734 |
||